1198 1527 1155 1558 1330 1626 1803 1313 1030 1990 1117 1391 1137 1643 1347 1764 1376 1354 1885 1442 1643 1220 1727 1658 1478 1116 1955 1123 1312 1299 1800 1205 1354 1707 1473 1453 1216 1562 1207 1700 1867 1279 1323 1913 1170 1296 1275 1144 1061 1868 2000 1650 1995 1159 1432 1887 1675 1120 1570 1635 1244 1709 1432 1148 1705 1028 1338 1922 1891 1535 1941 1622 1588 1615 1774 1899 1179 1537 1461 1105 1701 1872 1812 1371 1874 1025 1328 1430 1389 1074 1294 1181 1581 1085 1403 1208 1324 1142 1872 BCNSPRNW ULIB Ver.6.0+V

เปลี่ยนเป็นภาษาไทย

Change to English
 แสดงรายละเอียดบรรณานุกรม
  กลับหน้าหลัก

Brief Record : Get Marc (ISO 2709) : E-mail record : QR code < ปิดหน้าต่าง
LEADER : 00000nam 2200000uu 4500
001    13399112145
003     ULIB
008    110728s2553||||th 000 0 tha d
020    9789740322139
060  4 QU4^bป469ช
100 0  ปรีชา สุวรรณพินิจ
245 10 ชีววิทยา 1 /^cปรีชา สุวรรณพินิจ, นงลักษณ์ สุวรรณพินิจ
250    พิมพ์ครั้งที่ 10
260    กรุงเทพฯ :^bสำนักพิมพ์แห่งจุฬาลงกรณ์มหาวิทยาลัย,^c2553
300    444 หน้า :^bภาพประกอบ ;^c27 ซม.
650  7 ชีววิทยา
650  7 วิทยาศาสตร์ชีวภาพ
945    ^p220^l0^i18448
945    ^p220^l0^i18449
945    ^p220^l0^i18450
995    กัณชพร
999    ^aใช้งานได้ทุกระบบ
รายการนี้ยังไม่มีแท็ก
คุณยังไม่ได้ล็อกอิน คุณสามารถมีกิจกรรมร่วมกับเว็บไซต์ได้ แต่ต้องล็อกอินก่อน ::
  ล็อกอิน

รายการสื่อสารสนเทศ

ลำดับที่ ประเภท เลขเรียก/บาร์โค้ด สถานที่ สถานะ
1. วิทยาศาสตร์การแพทย์ และสุขภาพ
วิทยาศาสตร์การแพทย์ และสุขภาพ
QU4 ป469ช  
  Barcode: 18448
ห้องสมุดวิทยาเขตนครสวรรค์
►ส่วนจัดเก็บหนังสือเก่า นว.
บนชั้น
  ขอยืม
2. วิทยาศาสตร์การแพทย์ และสุขภาพ
วิทยาศาสตร์การแพทย์ และสุขภาพ
QU4 ป469ช ฉ.2 
  Barcode: 18449
ห้องสมุดวิทยาเขตนครสวรรค์
►ส่วนจัดเก็บหนังสือเก่า นว.
บนชั้น
  ขอยืม
3. วิทยาศาสตร์การแพทย์ และสุขภาพ
วิทยาศาสตร์การแพทย์ และสุขภาพ
QU4 ป469ช ฉ.3 
  Barcode: 18450
ห้องสมุดวิทยาเขตสวรรค์ประชารักษ์
►นวนิยาย
บนชั้น
  ขอยืม

รายการใกล้เคียง
    ผู้แต่ง [ปรีชา สุวรรณพินิจ]

    หัวเรื่อง [ชีววิทยา]
    หัวเรื่อง [วิทยาศาสตร์ชีวภาพ]

BibComment


ยังไม่เคยถูกคอมเมนท์

คอมเมนท์ทรัพยากรรายการนี้
  คอมเมนท์: ชีววิทยา 1 ปรีชา..


 Copyright 2026. Bcnsprnw @Library